The revolution emperor : Joseph II of Austria
保存先:
| 第一著者: | |
|---|---|
| フォーマット: | 図書 |
| 言語: | Undetermined |
| 出版事項: |
Hamden, Conn
Archon Books
1967
|
| 主題: | |
| タグ: |
タグ追加
タグなし, このレコードへの初めてのタグを付けませんか!
|
| Thư viện lưu trữ: | Trung tâm Học liệu Trường Đại học Cần Thơ |
|---|
| LEADER | 00589nam a2200205Ia 4500 | ||
|---|---|---|---|
| 001 | CTU_82466 | ||
| 008 | 210402s9999 xx 000 0 und d | ||
| 082 | |a 943 | ||
| 082 | |b P124 | ||
| 100 | |a Padover, Saul K. | ||
| 245 | 4 | |a The revolution emperor : | |
| 245 | 0 | |b Joseph II of Austria | |
| 245 | 0 | |c Saul K Padover | |
| 260 | |a Hamden, Conn | ||
| 260 | |b Archon Books | ||
| 260 | |c 1967 | ||
| 650 | |a Joseph II, holy roman emperor, 1741-1790.,Austria | ||
| 650 | |x History,Joseph II, 1780- 1790 | ||
| 904 | |i Mai Loan,Hải | ||
| 980 | |a Trung tâm Học liệu Trường Đại học Cần Thơ | ||